ბათუმის შოთა რუსთაველის სახელმწიფო უნივერსიტეტის ბიბლიოთეკა

გმირთა თაობა (ბიბ.ჩანაწერი № 42309)

000 -LEADER
fixed length control field 00775nam a2200229Ia 4500
001 - CONTROL NUMBER
control field 9004
003 - CONTROL NUMBER IDENTIFIER
control field GE_BSU
008 - FIXED-LENGTH DATA ELEMENTS--GENERAL INFORMATION
fixed length control field 181216s||||||||xx |||||||||||||| ||und||
020 ## - INTERNATIONAL STANDARD BOOK NUMBER
Terms of availability ხელნაწერის უფლებით
040 ## - CATALOGING SOURCE
Transcribing agency GE_BSU
100 ## - MAIN ENTRY--PERSONAL NAME
Personal name კლდიაშვილი,სერგო
245 ## - TITLE STATEMENT
Title გმირთა თაობა
245 ## - TITLE STATEMENT
Remainder of title პიესა 4 მოქმედებად.
245 ## - TITLE STATEMENT
Statement of responsibility, etc. რედ.გრ.კოკელაძე.
260 ## - PUBLICATION, DISTRIBUTION, ETC.
Place of publication, distribution, etc. თბილისი
260 ## - PUBLICATION, DISTRIBUTION, ETC.
Name of publisher, distributor, etc. ხალხური შემოქმ.კაბინეტის გამ–ბა
260 ## - PUBLICATION, DISTRIBUTION, ETC.
Date of publication, distribution, etc. 1937
300 ## - PHYSICAL DESCRIPTION
Extent 96გვ.17სმ.
653 ## - INDEX TERM--UNCONTROLLED
Uncontrolled term გმირთა თაობა
653 ## - INDEX TERM--UNCONTROLLED
Uncontrolled term პიესა
942 ## - ADDED ENTRY ELEMENTS (KOHA)
Koha item type წიგნი
ეგზემპლარები
Withdrawn status Lost status Damaged status Not for loan Date acquired Barcode Date last seen Price effective from Koha item type
        2018-12-17 31639 2018-12-17 2018-12-17 წიგნი
        2018-12-17 31640 2018-12-17 2018-12-17 წიგნი
        2018-12-17 31641 2018-12-17 2018-12-17 წიგნი
        2018-12-17 31642 2018-12-17 2018-12-17 წიგნი
        2018-12-17 31643 2018-12-17 2018-12-17 წიგნი